000 00766nam a2200229Ii 4500
003 JO-AjNU
008 230605s9999||||xx |||||||||||||| ||und||
017 _a2009/6/2823
020 _a978-9957-81-005-4
040 _aJO-AjNU
_bara
_erda
_cJO-AjNU
041 _aara
050 1 4 _aJQ1833.A92.T3784.2009
100 3 _a الطرودي، طارق علي ,
_eauthor
_950277
245 0 0 _a مناهج التربية الوطنية في الوطن العربي
250 _aط1
264 3 1 _aعمان : دار جليس الزمان ، 2010
300 _a245ص
336 _atext
_btxt
_2rdacontent
337 _aunmediated
_bn
_2rdamedia
338 _avolume
_bnc
_2rdacarrier
650 4 _aالتربية الوطنية -- التربية السياسية
_950278
999 _aA22137
_c25705
_d25705